LEADER 01966oam 2200505M 450 001 9910716310703321 005 20200213070634.2 035 $a(CKB)5470000002521032 035 $a(OCoLC)1066038536 035 $a(OCoLC)995470000002521032 035 $a(EXLCZ)995470000002521032 100 $a20071213d1926 ua 0 101 0 $aeng 135 $aurcn||||||||| 181 $ctxt$2rdacontent 182 $cc$2rdamedia 183 $acr$2rdacarrier 200 10$aPublic school buildings, Juneau, Alaska. May 13, 1926. -- Referred to the House Calendar and ordered to be printed 210 1$a[Washington, D.C.] :$c[U.S. Government Printing Office],$d1926. 215 $a1 online resource (7 pages) $ctables 225 1 $aHouse report / 69th Congress, 1st session. House ;$vno. 1187 225 1 $a[United States congressional serial set ] ;$v[serial no. 8534] 300 $a(69) H.R. 11803, Bill To Authorize the Incorporated Town of Juneau, Alaska, To Issue Bonds for the Construction and Equipment of Schools Therein, and for Other Purposes, Title page. 300 $aBatch processed record: Metadata reviewed, not verified. Some fields updated by batch processes. 300 $aFDLP item number not assigned. 606 $aBuilding 606 $aGovernment securities 606 $aLegislative amendments 606 $aSchool buildings 608 $aLegislative materials.$2lcgft 615 0$aBuilding. 615 0$aGovernment securities. 615 0$aLegislative amendments. 615 0$aSchool buildings. 701 $aCurry$b Charles F$g(Charles Forrest),$f1858-1930$pRepublican (CA)$01392537 801 0$bWYU 801 1$bWYU 801 2$bOCLCO 801 2$bOCLCQ 801 2$bOCLCO 801 2$bOCLCQ 906 $aBOOK 912 $a9910716310703321 996 $aPublic school buildings, Juneau, Alaska. May 13, 1926. -- Referred to the House Calendar and ordered to be printed$93460237 997 $aUNINA